000 00381nam a2200145Ia 4500
008 210210b1979 xxu||||| |||| 00| 0 eng d
082 _a823.009 METK
100 _aPARSONS (E M).
245 _aKIM: Notes on Rudyard Kipling's.
260 _aLondon
_bMethuen Paperbacks Ltd
_c1979
300 _a76
650 _aKIM Rudyard Kipling
690 _aEnglish Criticism
906 _a041662
999 _c91398
_d91398